Menosprecio de corte y alabanza de aldea

Gorde:
Xehetasun bibliografikoak
Egile nagusia: Guevara, Fray Antonio de
Formatua: Liburua
Hizkuntza:Undetermined
Argitaratua: Madrid, España Espasa-Calpe 1975
Edizioa:4
Gaiak:
Etiketak: Etiketa erantsi
Etiketarik gabe, Izan zaitez lehena erregistro honi etiketa jartzen!

MARC

LEADER 00000nam a2200000Ia 4500
008 170316s9999 xx 000 0 und d
040 |a cru BVZT 
090 |a 862 G-45m 
100 |a Guevara, Fray Antonio de 
245 |a Menosprecio de corte y alabanza de aldea 
250 |a 4 
260 |a Madrid, España 
260 |b Espasa-Calpe 
260 |c 1975 
300 |a 200 páginas 
650 |a LITERATURA ESPAÑOLA 
999 |c 9948  |d 9948 
942 |c 15 D  |h 862 G-45m  |2 z